[Event "Aragon Once op 1st"]
[Site "Zaragoza"]
[Date "2003.09.22"]
[Round "3.3"]
[White "Sarto Ramos, Angel"]
[Black "Baron Rodriguez, Jorge"]
[Result "0-1"]
[WhiteElo "2080"]
[BlackElo "2357"]
[PlyCount "69"]
[EventDate "2003.09.20"]
[EventType "swiss"]
[EventRounds "8"]
[EventCountry "ESP"]
[SourceTitle "EXT 2004"]
[Source "ChessBase"]
[SourceDate "2003.11.25"]
[SourceVersion "1"]
[SourceVersionDate "2003.11.25"]
[SourceQuality "1"]

1. g3 c5 2. Bg2 Nc6 3. c4 g6 4. Nc3 Bg7 5. d3 e5 6. e3 Nge7 7. Nge2 0-0 8. 0-0 d6 9. Nd5 Rb8 10. Rb1 b5 11. Bd2 b4 12. a3 a5 13. a4 h5 14. Be1 h4 15. Nxe7+ Nxe7 16. f4 hxg3 17. hxg3 Bg4 18. Bf3 Qd7 19. Bxg4 Qxg4 20. Nc3 Qe6 21. Ne4 Rbd8 22. Qf3 f6 23. Bf2 Bh6 24. b3 f5 25. Nd2 Bg7 26. Kg2 d5 27. fxe5 dxc4 28. Nxc4 Rxd3 29. Rfd1 Rxb3 30. Rxb3 Qxc4 31. Rbd3 Qe6 32. Rd7 Bxe5 33. e4 Bd4 34. Bxd4 Qxd7 35. Bg7 0-1

[Event "Aragon-chT"]
[Site "Aragon"]
[Date "2003.02.22"]
[Round "5"]
[White "Aguirre Izaguirre, Pedro Jose"]
[Black "Baron Rodriguez, Jorge"]
[Result "0-1"]
[WhiteElo "2247"]
[BlackElo "2345"]
[PlyCount "62"]
[EventDate "2003.02.??"]
[EventType "team"]
[EventRounds "9"]
[EventCountry "ESP"]
[SourceTitle "EXT 2004"]
[Source "ChessBase"]
[SourceDate "2003.11.25"]
[SourceVersion "1"]
[SourceVersionDate "2003.11.25"]
[SourceQuality "1"]

1. c4 c5 2. g3 Nc6 3. Bg2 g6 4. e4 Bg7 5. Ne2 Nf6 6. Nbc3 0-0 7. 0-0 d6 8. d3 Ne8 9. Be3 Nc7 10. Qd2 Rb8 11. Bh6 Ne6 12. Bxg7 Kxg7 13. f4 Ned4 14. f5 b5 15. Nxd4 Nxd4 16. Nd5 f6 17. Rae1 e5 18. Ne3 bxc4 19. dxc4 g5 20. Rf2 Bd7 21. Nd1 Bc6 22. Re3 a5 23. Bh1 Kh8 24. Rc3 Qd7 25. Bg2 Rb4 26. Qe1 Rfb8 27. h4 gxh4 28. gxh4 Rg8 29. Qe3 Qg7 30. Kh2 Rb7 31. Qh3 Bxe4 0-1

[Event "Aragon-chT"]
[Site "Aragon"]
[Date "2003.01.25"]
[Round "1"]
[White "Baron Rodriguez, Jorge"]
[Black "Hinojar Basa, Alfonso"]
[Result "1-0"]
[WhiteElo "2345"]
[BlackElo "2126"]
[PlyCount "69"]
[EventDate "2003.02.??"]
[EventType "team"]
[EventRounds "9"]
[EventCountry "ESP"]
[SourceTitle "EXT 2004"]
[Source "ChessBase"]
[SourceDate "2003.11.25"]
[SourceVersion "1"]
[SourceVersionDate "2003.11.25"]
[SourceQuality "1"]

1. Nf3 Nf6 2. d4 g6 3. g3 Bg7 4. Bg2 0-0 5. b3 d6 6. Bb2 Nbd7 7. 0-0 c6 8. c4 Qc7 9. Nc3 e5 10. e4 Re8 11. Re1 b6 12. Qc2 Bb7 13. Rad1 Rad8 14. d5 c5 15. Bc1 a6 16. Re2 Bc8 17. Ne1 h6 18. Bd2 Kh7 19. Nd3 Ng8 20. Rf1 f6 21. f4 Rf8 22. f5 g5 23. Bf3 Ne7 24. Bh5 Bb7 25. Nf2 Rb8 26. Ng4 Bc8 27. Qc1 b5 28. h4 bxc4 29. bxc4 Rb4 30. Rh2 Kg8 31. Nd1 Ra4 32. hxg5 hxg5 33. Bxg5 fxg5 34. Qxg5 Rf6 35. Be8 1-0

[Event "Zaragoza Alvar Memorial"]
[Site "Zaragoza"]
[Date "2003.??.??"]
[Round "1"]
[White "Baron Rodriguez, Jorge"]
[Black "Sicilia Ruiz, Manuel"]
[Result "0-1"]
[WhiteElo "2360"]
[BlackElo "2203"]
[PlyCount "54"]
[EventDate "2003.11.19"]
[EventType "k.o."]
[EventRounds "6"]
[EventCountry "ESP"]
[SourceTitle "EXT 2022"]
[Source "ChessBase"]
[SourceDate "2021.10.06"]
[SourceVersion "1"]
[SourceVersionDate "2021.10.06"]
[SourceQuality "1"]

1. d4 g6 2. e4 Bg7 3. Nc3 c6 4. f4 d5 5. e5 h5 6. Nf3 Nh6 7. Be3 Bf5 8. Be2 e6 9. Bf2 Nd7 10. Qd2 Bf8 11. Bh4 Qa5 12. 0-0 Rc8 13. a3 Bg4 14. b4 Qc7 15. Nd1 Nf5 16. Bg5 Bxf3 17. Rxf3 Qb6 18. c3 a5 19. Bd3 Nxd4 20. cxd4 Qxd4+ 21. Ne3 Qxa1+ 22. Rf1 Qd4 23. Kh1 axb4 24. f5 Nxe5 25. fxe6 f5 26. Bf6 Qxd3 27. Qf2 Bc5 0-1

[Event "Aragon-chT"]
[Site "Zaragoza"]
[Date "2002.04.13"]
[Round "?.1"]
[White "Kogan, Artur"]
[Black "Baron Rodriguez, Jorge"]
[Result "1-0"]
[WhiteElo "2540"]
[BlackElo "2343"]
[PlyCount "67"]
[EventDate "2002.03.17"]
[EventType "team"]
[EventRounds "7"]
[EventCountry "ESP"]
[SourceTitle "EXT 2003"]
[Source "ChessBase"]
[SourceDate "2002.11.25"]
[SourceVersion "1"]
[SourceVersionDate "2002.11.25"]
[SourceQuality "1"]
[WhiteTeam "Jaime Casas"]
[BlackTeam "Delicias"]
[WhiteTeamCountry "ESP"]
[BlackTeamCountry "ESP"]

1. d4 Nf6 2. Nf3 g6 3. Nc3 Bg7 4. e4 d6 5. Be3 c6 6. Qd2 b5 7. Bd3 Nbd7 8. a4 b4 9. Ne2 a5 10. Bh6 Bxh6 11. Qxh6 e5 12. Ng3 Qe7 13. 0-0 Ng4 14. Qd2 h5 15. h3 h4 16. Ne2 Ngf6 17. c3 c5 18. Ng5 0-0 19. dxe5 dxe5 20. Bb5 Ba6 21. f4 Bxb5 22. axb5 Nb6 23. Qe1 exf4 24. Qxh4 Kg7 25. Rxf4 Nh5 26. Rf2 Rae8 27. Ng3 f6 28. Nxh5+ gxh5 29. Nf3 Qxe4 30. Qxh5 Qd5 31. Qg4+ Kh8 32. Nh4 Rg8 33. Ng6+ Kh7 34. Qh4+ 1-0